[Event "Golden State op 2nd"]
[Site "Concord"]
[Date "2011.01.15"]
[Round "3"]
[White "Bojkov, Dejan"]
[Black "Chan, Julian M"]
[Result "1-0"]
[WhiteElo "2544"]
[BlackElo "2111"]
[PlyCount "99"]
[EventDate "2011.01.14"]
[EventType "swiss"]
[EventRounds "7"]
[EventCountry "USA"]
[SourceTitle "EXT 2012"]
[Source "ChessBase"]
[SourceDate "2011.11.24"]
[SourceVersion "1"]
[SourceVersionDate "2011.11.24"]
[SourceQuality "1"]

1. e4 e6 2. d3 d5 3. Nd2 Nf6 4. Ngf3 Bc5 5. e5 Nfd7 6. d4 Be7 7. c3 c5 8. Bd3 Nc6 9. b3 a5 10. a4 cxd4 11. cxd4 Nb4 12. Bb5 0-0 13. 0-0 Nb8 14. Ba3 N8c6 15. Rc1 Qb6 16. Nb1 Rd8 17. Qd2 Bd7 18. Rc3 Na7 19. Bd3 Rac8 20. h4 Rxc3 21. Nxc3 Rc8 22. Bb1 Qd8 23. Ng5 g6 24. Ne2 b5 25. axb5 Bxb5 26. Re1 Bxe2 27. Rxe2 Nb5 28. Bb2 Nc7 29. Qf4 Qf8 30. Re3 Ne8 31. Rf3 Bxg5 32. Qxg5 Ng7 33. g4 Qd8 34. Qf4 Rc7 35. h5 Qh4 36. hxg6 hxg6 37. Kg2 g5 38. Qf6 Nc6 39. Rh3 Qxg4+ 40. Rg3 Qf4 41. Rxg5 Qxf6 42. exf6 Rb7 43. Rxg7+ Kh8 44. Rg3 a4 45. Rh3+ Kg8 46. Bh7+ Kh8 47. Bc2+ Kg8 48. Ba3 axb3 49. Bh7+ Kh8 50. Bf8 1-0

[Event "Philadelphia National op 38th"]
[Site "Philadelphia"]
[Date "2007.11.24"]
[Round "3"]
[White "Chan, Julian M"]
[Black "Stanley, Douglas E"]
[Result "1/2-1/2"]
[WhiteElo "2154"]
[BlackElo "2038"]
[PlyCount "56"]
[EventDate "2007.11.23"]
[EventType "swiss"]
[EventRounds "6"]
[EventCountry "USA"]
[SourceTitle "EXT 2012"]
[Source "ChessBase"]
[SourceDate "2011.11.24"]
[SourceVersion "1"]
[SourceVersionDate "2011.11.24"]
[SourceQuality "1"]

1. c4 c5 2. g3 g6 3. Bg2 Bg7 4. Nc3 Nc6 5. a3 a5 6. d3 d6 7. Rb1 e5 8. Nf3 Nge7 9. 0-0 0-0 10. Ne1 Be6 11. Nc2 d5 12. b3 Rb8 13. e4 dxc4 14. bxc4 Qd7 15. Ne3 Nd4 16. Ned5 Kh8 17. Na4 Qd8 18. Rb6 Nec6 19. Bd2 f5 20. f3 fxe4 21. dxe4 Rf7 22. Bxa5 Bh6 23. Bd2 Bxd2 24. Qxd2 Qf8 25. Qd3 Ra8 26. Qd1 Na5 27. Qd3 Nac6 28. Qd1 Na5 1/2-1/2